[Event "Helsinki Chess Circuit"]
[Site "?"]
[Date "2001.02.12"]
[Round "1"]
[White "Van Hoolandt, Patrick"]
[Black "Molander, Riku"]
[Result "1-0"]
[WhiteElo "2211"]
[BlackElo "2314"]
[PlyCount "101"]
[EventDate "2001.02.12"]

1. c4 b6 2. Nf3 Bb7 3. e3 g6 4. d4 Bg7 5. Nc3 Nf6 6. Qc2 O-O 7. e4 d6 8. Be2 e5
9. dxe5 dxe5 10. Bg5 h6 11. Rd1 Qe8 12. Bxf6 Bxf6 13. O-O Na6 14. Nd5 Bd8 15.
Qc3 c6 16. Ne3 Nc5 17. Qxe5 Qxe5 18. Nxe5 Re8 19. f4 Bf6 20. N3g4 Bg7 21. b4
Nxe4 22. Bf3 f5 23. Bxe4 fxe4 24. Nxg6 Rad8 25. f5 Rxd1 26. Rxd1 h5 27. Ne3 c5
28. Rd7 Bc8 29. Re7 Rd8 30. bxc5 Bd4 31. Rxe4 Bxc5 32. Ne7+ Kf7 33. Nxc8 Rxc8
34. Kf2 Kf6 35. Re6+ Kg5 36. f6 Rf8 37. Kf3 Rxf6+ 38. Rxf6 Kxf6 39. Ke4 h4 40.
Nf5 Kg5 41. Nd4 Kg4 42. Nc6 a6 43. Ne5+ Kh5 44. Kf5 b5 45. Nd7 Bd6 46. c5 Bc7
47. c6 h3 48. Nf6+ Kh6 49. gxh3 a5 50. Nd5 Bxh2 51. Nf4 1-0

[Event "Helsinki Chess Circuit"]
[Site "?"]
[Date "2001.02.12"]
[Round "1"]
[White "Bergstroem, Rolf"]
[Black "Pirttimaeki, Timo"]
[Result "1-0"]
[WhiteElo "2308"]
[BlackElo "2257"]
[PlyCount "97"]
[EventDate "2001.02.12"]

1. e4 c5 2. Nf3 g6 3. c4 Bg7 4. d4 Qb6 5. dxc5 Qxc5 6. Be2 b6 7. O-O Bb7 8. Qc2
Nf6 9. Nc3 O-O 10. Be3 Qc7 11. h3 d6 12. Rac1 Rc8 13. Nd2 Nbd7 14. Qd1 Qd8 15.
Qe1 Qf8 16. b3 e6 17. Bd3 Re8 18. f4 Rad8 19. Qh4 Nc5 20. Bb1 d5 21. e5 Nfe4
22. Ndxe4 dxe4 23. Nb5 a6 24. Nd6 Rxd6 25. exd6 Qxd6 26. Rcd1 Qc7 27. Rf2 f5
28. Rfd2 Qe7 29. Qxe7 Rxe7 30. Rd6 e5 31. g3 exf4 32. gxf4 g5 33. Rf1 gxf4 34.
Rxf4 Bf8 35. Kf1 Bc8 36. b4 Nd3 37. Bxd3 exd3 38. Rxd3 Bb7 39. Rxf5 Be4 40.
Rg5+ Kf7 41. Rd2 Re6 42. Rf2+ Ke7 43. Ke2 Bg6 44. Kd2 Ke8 45. a3 Be7 46. Rg4 a5
47. c5 bxc5 48. Bxc5 h5 49. Rxg6 1-0

[Event "Helsinki Chess Circuit"]
[Site "?"]
[Date "2001.02.12"]
[Round "1"]
[White "Luukkonen, Tommi"]
[Black "Sarakauskas, Gediminas"]
[Result "1-0"]
[WhiteElo "2158"]
[BlackElo "2408"]
[PlyCount "57"]
[EventDate "2001.02.12"]

1. e4 c6 2. d4 g6 3. Nc3 d6 4. Be3 Bg7 5. Qd2 Nd7 6. f4 Ngf6 7. Nf3 O-O 8. e5
Nd5 9. Nxd5 cxd5 10. O-O-O Nb6 11. b3 Bf5 12. Bd3 Bxd3 13. Qxd3 Qd7 14. h4 Qf5
15. Qxf5 gxf5 16. h5 Bh6 17. Nh2 Rfc8 18. g4 e6 19. Rhg1 Kf8 20. gxf5 exf5 21.
Nf3 Ke7 22. Ng5 Bxg5 23. Rxg5 h6 24. Rg7 Nd7 25. Rdg1 Rc3 26. Bd2 Rh3 27. Bb4
Rxh5 28. Bxd6+ Ke6 29. R1g6+ 1-0

[Event "Helsinki Chess Circuit"]
[Site "?"]
[Date "2001.02.12"]
[Round "1"]
[White "Nybaeck, Tomi"]
[Black "Norri, Joose"]
[Result "0-1"]
[WhiteElo "2211"]
[BlackElo "2398"]
[PlyCount "111"]
[EventDate "2001.02.12"]

1. Nf3 c5 2. e3 Nf6 3. d4 e6 4. Bd3 Nc6 5. O-O d5 6. b3 Bd6 7. Bb2 O-O 8. Nbd2
Qe7 9. Ne5 cxd4 10. exd4 Ba3 11. Bxa3 Qxa3 12. c3 Bd7 13. f4 Rfc8 14. Ndf3 Be8
15. Qe1 Ne7 16. c4 dxc4 17. bxc4 Rc7 18. Qe3 Nf5 19. Qe2 Rd8 20. Rad1 Kf8 21.
Bxf5 exf5 22. Kh1 Ne4 23. Ng5 Nf6 24. d5 h6 25. Ng6+ Kg8 26. d6 Rxd6 27. Rxd6
Qxd6 28. Rd1 Qb4 29. Rd8 hxg5 30. Rxe8+ Nxe8 31. Qxe8+ Kh7 32. Nf8+ Kh6 33.
fxg5+ Kxg5 34. Qe3+ Kf6 35. Nh7+ Kg6 36. Nf8+ Qxf8 37. Qg3+ Kf6 38. Qxc7 Qb4
39. g3 Qb6 40. Qb8 Qb1+ 41. Kg2 Qxa2+ 42. Kg1 Qb1+ 43. Kg2 Qe4+ 44. Kg1 Qd4+
45. Kg2 a5 46. Qa8 Qb6 47. h4 a4 48. Kh3 Qc6 49. Kh2 Qxc4 50. Qxb7 a3 51. Qb6+
Qe6 52. Qa5 a2 53. h5 Qe2+ 54. Kg1 Qd1+ 55. Kg2 a1=Q 56. Qb6+ 0-1

[Event "Helsinki Chess Circuit"]
[Site "?"]
[Date "2001.02.12"]
[Round "1"]
[White "Kiik, Kalle"]
[Black "Kekki, Petri"]
[Result "1-0"]
[WhiteElo "2450"]
[BlackElo "2297"]
[PlyCount "107"]
[EventDate "2001.02.12"]

1. Nf3 d5 2. e3 Nf6 3. b3 Bg4 4. Bb2 Nbd7 5. c4 e6 6. Be2 Bd6 7. O-O c6 8. d3
O-O 9. Nbd2 Qe7 10. a3 a5 11. cxd5 exd5 12. Re1 Rfe8 13. h3 Bf5 14. Bf1 Bc7 15.
Rc1 Rad8 16. Nh4 Be6 17. g3 Bd6 18. Ra1 Nf8 19. Qf3 Ng6 20. Nf5 Bxf5 21. Qxf5
Nd7 22. e4 d4 23. f4 a4 24. b4 b5 25. Nf3 c5 26. e5 Bb8 27. Kh2 Ba7 28. Ng5
Ngf8 29. Bg2 g6 30. Qg4 f5 31. Qe2 Kg7 32. Bc6 h6 33. Nf3 Ne6 34. Bxb5 cxb4 35.
axb4 Qxb4 36. Bxa4 Nec5 37. Bxd7 Rxd7 38. Ba3 Qb5 39. Bxc5 Qxc5 40. Ra6 Rc7 41.
Nd2 Rb8 42. Nc4 Rb4 43. Ra5 Rxc4 44. Rxc5 R4xc5 45. Qf3 Rf7 46. Re2 h5 47. Qa8
Rc3 48. Rb2 Rcc7 49. Ra2 Rb7 50. Kg2 Bc5 51. Qe8 Kh7 52. Ra6 Bf8 53. Kf3 Kg7
54. Qe6 1-0

[Event "Helsinki Chess Circuit"]
[Site "?"]
[Date "2001.02.12"]
[Round "1"]
[White "Keskinen, Sauli"]
[Black "Nyysti, Sampsa"]
[Result "1-0"]
[WhiteElo "2252"]
[BlackElo "2284"]
[PlyCount "45"]
[EventDate "2001.02.12"]

1. e4 c5 2. Nc3 e6 3. g3 d5 4. d3 Nf6 5. Bg2 Nc6 6. exd5 exd5 7. Bg5 Be6 8.
Bxf6 gxf6 9. Nh3 Qd7 10. Nf4 d4 11. Ne4 Be7 12. Qh5 O-O-O 13. Nxc5 Qd6 14.
Ncxe6 fxe6 15. O-O Kb8 16. Qb5 Rc8 17. Rfe1 e5 18. Nd5 Nd8 19. c3 dxc3 20. bxc3
Rc5 21. Qb3 a6 22. a4 Nc6 23. d4 1-0

[Event "Helsinki Chess Circuit ELO"]
[Site "?"]
[Date "2001.02.12"]
[Round "1"]
[White "Lako, Mika"]
[Black "Lardot, Derik"]
[Result "1/2-1/2"]
[WhiteElo "2174"]
[BlackElo "2054"]
[PlyCount "56"]
[EventDate "2001.02.12"]

1. d4 d6 2. e4 e5 3. Nf3 exd4 4. Nxd4 Nc6 5. Bb5 Bd7 6. O-O Nxd4 7. Bxd7+ Qxd7
8. Qxd4 Ne7 9. Nc3 Nc6 10. Qe3 g6 11. Nd5 Bg7 12. Qb3 O-O-O 13. Be3 Rde8 14.
Qa4 f5 15. Bxa7 Rxe4 16. Qa3 Nxa7 17. Qxa7 Qa4 18. Qxa4 Rxa4 19. c3 Re4 20.
Rfe1 Rhe8 21. Kf1 c6 22. Nb4 Kd7 23. f3 R4e5 24. Nd3 Rb5 25. Rxe8 Kxe8 26. Ke2
Kd7 27. Kd2 Ra5 28. a3 Ra8 1/2-1/2

[Event "Helsinki Chess Circuit ELO"]
[Site "?"]
[Date "2001.02.12"]
[Round "1"]
[White "Tuovinen, Jukka"]
[Black "Turtiainen, Tauno"]
[Result "0-1"]
[WhiteElo "2000"]
[BlackElo "2000"]
[PlyCount "90"]
[EventDate "2001.02.12"]

1. e4 c5 2. c3 g6 3. d4 cxd4 4. cxd4 Bg7 5. Nf3 d6 6. Nc3 Nf6 7. Be2 O-O 8. O-O
a6 9. a4 Nc6 10. d5 Nb4 11. a5 b6 12. axb6 Qxb6 13. Be3 Qb7 14. Ra5 Bg4 15. Nd4
Bxe2 16. Qxe2 Nd7 17. Rfa1 Nc5 18. R1a3 Rfc8 19. Nb3 Ncd3 20. Nc1 Ne5 21. Rb3
Qc7 22. Ra4 a5 23. N1a2 Ned3 24. Nxb4 axb4 25. Rxa8 Rxa8 26. Nd1 Nc1 27. Bxc1
Qxc1 28. Kf1 Ra1 29. Ke1 Ra2 30. Qe3 Qc5 31. Qxc5 dxc5 32. Kd2 Kf8 33. Kc2 Ra1
34. f4 Bd4 35. Rd3 Ke8 36. g4 h6 37. e5 g5 38. fxg5 hxg5 39. d6 Bxe5 40. dxe7
c4 41. Rd5 Bf4 42. b3 Rc1+ 43. Kb2 c3+ 44. Ka2 c2 45. Nf2 Ra1+ 0-1

[Event "Helsinki Chess Circuit ELO"]
[Site "?"]
[Date "2001.02.12"]
[Round "1"]
[White "Ciuksyte, Zivile"]
[Black "Myllyniemi, Martti"]
[Result "1-0"]
[WhiteElo "2098"]
[BlackElo "2155"]
[PlyCount "97"]
[EventDate "2001.02.12"]

1. e4 d6 2. d4 Nf6 3. Nc3 g6 4. Be2 Bg7 5. h4 h5 6. Nh3 Nbd7 7. Be3 c6 8. f3 b5
9. Qd2 Qc7 10. Ng5 a6 11. a4 b4 12. Nd1 a5 13. c3 c5 14. cxb4 axb4 15. b3 O-O
16. Rc1 Qb6 17. e5 dxe5 18. dxc5 Qc7 19. Qxb4 Rb8 20. Qc4 e4 21. f4 Qc6 22. Nc3
Ba6 23. Qxa6 Qxa6 24. Bxa6 Rxb3 25. Bc4 Ra3 26. Bd4 e6 27. c6 Rc8 28. cxd7 Nxd7
29. Bxg7 Kxg7 30. Ne2 Rxa4 31. Bb5 Rxc1+ 32. Nxc1 Ra1 33. O-O Nf6 34. Ne2 Ra2
35. Nc3 Ra5 36. Rb1 e3 37. Kf1 Nd5 38. Nxd5 exd5 39. Nf3 Ra2 40. Be2 Kf6 41.
Rd1 Kf5 42. Rxd5+ Kxf4 43. Rd4+ Kg3 44. Re4 Ra1+ 45. Ne1 f5 46. Re6 Kxh4 47.
Rxg6 f4 48. Rh6 Ra5 49. Nf3+ 1-0

[Event "Helsinki Chess Circuit ELO"]
[Site "?"]
[Date "2001.02.13"]
[Round "2"]
[White "Lako, Mika"]
[Black "Tuovinen, Jukka"]
[Result "1/2-1/2"]
[WhiteElo "2174"]
[BlackElo "2000"]
[PlyCount "49"]
[EventDate "2001.02.12"]

1. d4 d5 2. c4 Nc6 3. Nc3 dxc4 4. d5 Ne5 5. Bf4 Ng6 6. Bg3 e6 7. e4 Bd6 8. Bxc4
exd5 9. Qxd5 Be6 10. Bb5+ Kf8 11. Bxd6+ cxd6 12. Qxb7 a6 13. Be2 Rb8 14. Qxa6
Rxb2 15. Qa3 Rb8 16. Rd1 Ra8 17. Qxd6+ Qxd6 18. Rxd6 Bxa2 19. Ra6 Rxa6 20. Bxa6
Be6 21. Nge2 f5 22. Nd4 Bd7 23. exf5 Nh4 24. g4 h5 25. g5 1/2-1/2

[Event "Helsinki Chess Circuit ELO"]
[Site "?"]
[Date "2001.02.13"]
[Round "2"]
[White "Lardot, Derik"]
[Black "Myllyniemi, Martti"]
[Result "1-0"]
[WhiteElo "2054"]
[BlackElo "2155"]
[PlyCount "99"]
[EventDate "2001.02.12"]

1. e4 d6 2. d4 Nf6 3. f3 g6 4. Bc4 Bg7 5. Ne2 O-O 6. O-O c6 7. Bb3 Nbd7 8. Be3
e5 9. dxe5 dxe5 10. Nd2 Qe7 11. a3 Rd8 12. Qe1 Nf8 13. Qf2 b6 14. Rfd1 Be6 15.
Nc4 Qc7 16. Bd2 b5 17. Ba5 Rxd1+ 18. Rxd1 Qb7 19. Nd2 Rc8 20. Bb4 N6d7 21. Bxe6
Nxe6 22. Nb3 c5 23. Bd2 c4 24. Na5 Qc7 25. Bb4 Bf8 26. Nc3 Bc5 27. Bxc5 Ndxc5
28. Nd5 Rd8 29. Qd2 Rxd5 30. exd5 Nd4 31. Nc6 Nf5 32. Qg5 Nb7 33. Kh1 Kg7 34.
Qd2 Nbd6 35. Nxe5 a5 36. Nc6 Qb6 37. Qxa5 Qf2 38. Qe1 Qxc2 39. Qc3+ Qxc3 40.
bxc3 Ne3 41. Rd2 f5 42. Kg1 g5 43. Nd4 Kf6 44. Rb2 Nxd5 45. Nxb5 Nf7 46. a4 Ne5
47. a5 Nd3 48. Ra2 h5 49. a6 Nb6 50. Nc7 1-0

[Event "Helsinki Chess Circuit ELO"]
[Site "?"]
[Date "2001.02.13"]
[Round "2"]
[White "Turtiainen, Tauno"]
[Black "Ciuksyte, Zivile"]
[Result "1-0"]
[WhiteElo "2000"]
[BlackElo "2098"]
[PlyCount "80"]
[EventDate "2001.02.12"]

1. e4 c5 2. Nf3 e6 3. d4 cxd4 4. Nxd4 a6 5. c4 Qc7 6. Nc3 g6 7. Be3 Bg7 8. Be2
Ne7 9. O-O O-O 10. f4 d6 11. Rc1 Nbc6 12. Kh1 Bd7 13. Nf3 f5 14. Bd3 Nb4 15.
Bb1 fxe4 16. Bxe4 Nf5 17. Bxf5 gxf5 18. a3 Nc6 19. Na4 Rae8 20. Qd2 Nd8 21. Nb6
Bc6 22. b4 Nf7 23. a4 e5 24. c5 Rd8 25. Qa2 d5 26. fxe5 Bxe5 27. Nxe5 Qxe5 28.
Bf4 Qe4 29. Qd2 Qe6 30. Rf3 d4 31. Rg3+ Kh8 32. Bc7 Qf6 33. Bxd8 Rxd8 34. Re1
f4 35. Rf1 Re8 36. b5 axb5 37. h3 bxa4 38. Qxf4 Qxf4 39. Rxf4 Re1+ 40. Kh2 Re7
1-0

[Event "Helsinki Chess Circuit"]
[Site "?"]
[Date "2001.02.13"]
[Round "2"]
[White "Molander, Riku"]
[Black "Nyysti, Sampsa"]
[Result "1-0"]
[WhiteElo "2314"]
[BlackElo "2284"]
[PlyCount "101"]
[EventDate "2001.02.12"]

1. d4 Nf6 2. Nc3 d5 3. Bg5 c6 4. Qd2 Nbd7 5. O-O-O b5 6. Qe1 b4 7. Nb1 e6 8.
Nd2 Be7 9. Ngf3 c5 10. dxc5 Bb7 11. e4 O-O 12. e5 Ne4 13. Bxe7 Qxe7 14. h4 Rfc8
15. Nd4 Nxe5 16. f3 Nxd2 17. Qxe5 Nc4 18. Bxc4 dxc4 19. Nf5 Qf8 20. Nd6 Rc7 21.
Nxb7 Rxb7 22. c6 Re7 23. Rd7 Rxd7 24. cxd7 Qe7 25. Rd1 Qxh4 26. Qe4 Qh6+ 27.
Kb1 Rd8 28. Qxc4 g5 29. Qc7 Qf8 30. Qxa7 Qe7 31. Qc7 f5 32. a4 bxa3 33. bxa3
Kf7 34. Rd3 e5 35. Qc4+ Kg7 36. Qc7 e4 37. fxe4 fxe4 38. Rd5 Kg6 39. Qd6+ Qxd6
40. Rxd6+ Kf5 41. c4 Ke5 42. c5 h5 43. Kc2 h4 44. Kd2 g4 45. Ke2 h3 46. gxh3
gxh3 47. Rd1 h2 48. c6 h1=Q 49. Rxh1 Kd6 50. Rh6+ Kc7 51. Re6 1-0

[Event "Helsinki Chess Circuit"]
[Site "?"]
[Date "2001.02.13"]
[Round "2"]
[White "Norri, Joose"]
[Black "Kiik, Kalle"]
[Result "0-1"]
[WhiteElo "2398"]
[BlackElo "2450"]
[PlyCount "130"]
[EventDate "2001.02.12"]

1. d4 g6 2. e4 Bg7 3. c3 d5 4. exd5 Qxd5 5. Nf3 c5 6. Be2 cxd4 7. cxd4 Nf6 8.
Nc3 Qa5 9. O-O O-O 10. Bg5 Bg4 11. Ne5 Bxe2 12. Qxe2 Nc6 13. Rfd1 Rfd8 14. Nxc6
bxc6 15. Bf4 Rd7 16. Be5 Nd5 17. Nxd5 Qxd5 18. Bxg7 Kxg7 19. Rac1 Qxa2 20. Rxc6
Rad8 21. Rc5 e6 22. g3 Rd5 23. Rxd5 Qxd5 24. f4 f6 25. Qe3 Rc8 26. Qd3 Rb8 27.
Rd2 h5 28. Qa6 Rb7 29. Qe2 Rb3 30. Qg2 Kf7 31. Kf2 a5 32. Qxd5 exd5 33. f5 gxf5
34. Rc2 f4 35. Rc5 fxg3+ 36. hxg3 Ke6 37. Rxa5 Rd3 38. Ra7 Rxd4 39. Rh7 Rb4 40.
Rxh5 f5 41. Rg5 Rxb2+ 42. Ke3 Rb3+ 43. Kd4 Rb4+ 44. Ke3 Re4+ 45. Kf3 d4 46. Rg8
Kd6 47. Ra8 Re1 48. Ra5 Ke6 49. Ra6+ Ke5 50. Ra5+ Kd6 51. Ra8 Kc5 52. Kf2 Re5
53. Ra5+ Kd6 54. Ra8 Kd5 55. Ra5+ Ke4 56. Ra3 Rb5 57. Ke2 Rb2+ 58. Kd1 Rf2 59.
Ra8 Rf3 60. Rg8 Kd3 61. Ke1 Re3+ 62. Kd1 Re7 63. Ra8 Rh7 64. Ra3+ Ke4 65. Kd2
Rh3 0-1

[Event "Helsinki Chess Circuit"]
[Site "?"]
[Date "2001.02.13"]
[Round "2"]
[White "Pirttimaeki, Timo"]
[Black "Luukkonen, Tommi"]
[Result "1-0"]
[WhiteElo "2257"]
[BlackElo "2158"]
[PlyCount "125"]
[EventDate "2001.02.12"]

1. d4 d5 2. c4 c6 3. Nc3 Nf6 4. Qb3 dxc4 5. Qxc4 b5 6. Qd3 Na6 7. Nf3 Bg4 8. a3
Nd7 9. e4 e5 10. Nxe5 Nxe5 11. dxe5 Qc7 12. Qg3 h5 13. Be3 Nc5 14. f3 Be6 15.
Be2 a5 16. O-O Nb3 17. Rad1 h4 18. Qg5 Rb8 19. f4 g6 20. Qf6 Rh7 21. Rd6 Bxd6
22. exd6 Qd8 23. Qe5 Kd7 24. f5 gxf5 25. exf5 Bc4 26. Bxc4 bxc4 27. Ne4 Rb5 28.
Qc3 Kc8 29. Qxc4 Kb7 30. Nc3 Rb6 31. Bxb6 Qxb6+ 32. Rf2 Nc5 33. Qd4 f6 34. b4
Nd7 35. Qxb6+ Kxb6 36. Re2 Ne5 37. Ne4 axb4 38. axb4 Nd7 39. Ra2 Rh5 40. g4
hxg3 41. Nxg3 Rh4 42. Re2 Rxb4 43. Re7 Ne5 44. Re6 Rb2 45. h3 Rd2 46. Kf1 Nf3
47. Ne2 Kc5 48. Rxf6 Rxd6 49. Rf8 Kd5 50. Kf2 Ng5 51. h4 Nh7 52. Rf7 Nf6 53.
Ng3 Ke5 54. Ke3 Rd7 55. Rf8 Rh7 56. h5 Nxh5 57. Re8+ Kf6 58. Re6+ Kg5 59. Rg6+
Kh4 60. Nxh5 Kxh5 61. Kf4 Rc7 62. Rg1 c5 63. Rh1# 1-0

[Event "Helsinki Chess Circuit"]
[Site "?"]
[Date "2001.02.14"]
[Round "3"]
[White "Bergstroem, Rolf"]
[Black "Molander, Riku"]
[Result "0-1"]
[WhiteElo "2308"]
[BlackElo "2314"]
[PlyCount "72"]
[EventDate "2001.02.12"]

1. e4 c5 2. Nf3 d6 3. Bc4 Nf6 4. d3 Nc6 5. c3 g6 6. O-O Bg7 7. Bb3 O-O 8. Re1
b6 9. Nbd2 Ne5 10. Bc2 Ba6 11. Nf1 Rc8 12. Bf4 Nh5 13. Be3 e6 14. Ng3 Nxg3 15.
hxg3 Qd7 16. Bf4 Bb7 17. Nh2 Kh8 18. Qd2 Nc6 19. g4 f5 20. gxf5 gxf5 21. exf5
Rxf5 22. d4 Rf7 23. dxc5 e5 24. Bg3 bxc5 25. Rad1 Rd8 26. Qe2 Bf6 27. Ng4 Qe8
28. Be4 Bg5 29. Ne3 Bf4 30. Bh4 Rdd7 31. Nd5 Rg7 32. Nf6 Qd8 33. Qh5 Rdf7 34.
Nd5 Qf8 35. g3 Nd8 36. Kh2 Bh6 0-1

[Event "Helsinki Chess Circuit"]
[Site "?"]
[Date "2001.02.14"]
[Round "3"]
[White "Luukkonen, Tommi"]
[Black "Van Hoolandt, Patrick"]
[Result "1-0"]
[WhiteElo "2158"]
[BlackElo "2211"]
[PlyCount "59"]
[EventDate "2001.02.12"]

1. e4 e5 2. Nf3 Nc6 3. d4 exd4 4. Nxd4 Nf6 5. Nxc6 bxc6 6. e5 Qe7 7. Qe2 Nd5 8.
c4 Nb6 9. Nc3 a5 10. Qe4 g6 11. Bd3 Bg7 12. f4 O-O 13. O-O Ba6 14. Be3 Qb4 15.
f5 Qxb2 16. Rac1 d5 17. Qf4 Nxc4 18. Bxc4 Bxc4 19. Rf2 Qb4 20. f6 Bh8 21. Rf3
Ba6 22. Qh6 Bc8 23. Rf4 Re8 24. Rh4 Qxh4 25. Qxh4 Rxe5 26. Bd4 Rh5 27. Qf4 Be6
28. Qxc7 Rc8 29. Qe7 Rf5 30. Nb5 1-0

[Event "Helsinki Chess Circuit"]
[Site "?"]
[Date "2001.02.14"]
[Round "3"]
[White "Nybaeck, Tomi"]
[Black "Pirttimaeki, Timo"]
[Result "1-0"]
[WhiteElo "2211"]
[BlackElo "2257"]
[PlyCount "79"]
[EventDate "2001.02.12"]

1. Nf3 c5 2. c4 g6 3. d4 Bg7 4. Nc3 cxd4 5. Nxd4 Nc6 6. Nc2 b6 7. e4 Ba6 8. Be2
Rc8 9. Bd2 e6 10. O-O Nge7 11. Ne3 Nd4 12. Bd3 Nec6 13. f4 O-O 14. Qa4 Bb7 15.
Nb5 g5 16. Nd6 gxf4 17. Ng4 Ba8 18. Bxf4 Qh4 19. Qd1 f5 20. exf5 exf5 21. Ne3
Ne5 22. Bg3 Qg5 23. Nexf5 Nxf5 24. Bxf5 Rcd8 25. Qc2 Kh8 26. Kh1 Qh5 27. Rf4
Qh6 28. Rd1 Ng6 29. Rg4 Qe3 30. Re1 Rxf5 31. Nxf5 Qc5 32. Nxg7 Kxg7 33. Qc3+
Kg8 34. Qf6 Rf8 35. Rxg6+ hxg6 36. Qxg6+ Kh8 37. Be5+ Qxe5 38. Qh6+ Kg8 39.
Qxf8+ Kxf8 40. Rxe5 1-0

[Event "Helsinki Chess Circuit"]
[Site "?"]
[Date "2001.02.14"]
[Round "3"]
[White "Kiik, Kalle"]
[Black "Sarakauskas, Gediminas"]
[Result "1-0"]
[WhiteElo "2450"]
[BlackElo "2408"]
[PlyCount "47"]
[EventDate "2001.02.12"]

1. e4 c5 2. Nf3 e6 3. d3 Nc6 4. g3 g6 5. Bg2 Bg7 6. Qe2 Nge7 7. h4 h6 8. c3 d6
9. Na3 Rb8 10. Nc2 b5 11. a3 a5 12. O-O O-O 13. d4 b4 14. axb4 axb4 15. dxc5
bxc3 16. bxc3 dxc5 17. Rd1 Qb6 18. Bf4 Rb7 19. Na3 Rd7 20. Rdb1 Qd8 21. Nb5 Kh7
22. Be3 Rd3 23. Bxc5 Bxc3 24. Ra3 1-0

[Event "Helsinki Chess Circuit"]
[Site "?"]
[Date "2001.02.14"]
[Round "3"]
[White "Keskinen, Sauli"]
[Black "Norri, Joose"]
[Result "0-1"]
[WhiteElo "2252"]
[BlackElo "2398"]
[PlyCount "72"]
[EventDate "2001.02.12"]

1. g3 d6 2. Bg2 e5 3. Nc3 Nc6 4. e4 f5 5. d3 Nf6 6. h4 Be7 7. Bg5 O-O 8. Qd2
fxe4 9. dxe4 Nd4 10. O-O-O c5 11. Kb1 b5 12. f4 b4 13. Nce2 Bb7 14. Nxd4 cxd4
15. Bxf6 Bxf6 16. Nh3 Qb6 17. f5 a5 18. g4 b3 19. cxb3 a4 20. g5 axb3 21. a3
Be7 22. f6 gxf6 23. g6 hxg6 24. Qh6 Kf7 25. h5 Ke8 26. hxg6 Kd7 27. g7 Rg8 28.
Rc1 d3 29. Ng5 Bc6 30. Bh3+ Kc7 31. Be6 d2 32. Rc3 Qd4 33. Bxb3 fxg5 34. Bd5
d1=Q+ 35. Rxd1 Qxd1+ 36. Ka2 Rxa3+ 0-1

[Event "Helsinki Chess Circuit"]
[Site "?"]
[Date "2001.02.14"]
[Round "3"]
[White "Nyysti, Sampsa"]
[Black "Kekki, Petri"]
[Result "1-0"]
[WhiteElo "2284"]
[BlackElo "2297"]
[PlyCount "59"]
[EventDate "2001.02.12"]

1. e4 e6 2. d3 d5 3. Qe2 Nc6 4. Nf3 e5 5. g3 Nf6 6. Bg2 Bg4 7. c3 Bc5 8. exd5
Qxd5 9. h3 Bh5 10. d4 Bxd4 11. g4 Bg6 12. cxd4 O-O-O 13. Nh4 Qa5+ 14. Bd2 Qb6
15. Bxc6 Qxc6 16. O-O exd4 17. Rc1 Qd6 18. Nxg6 hxg6 19. Qf3 Nd5 20. Na3 f5 21.
Nc4 Qe6 22. Re1 Qa6 23. Ne5 Rhf8 24. Bg5 Rd6 25. Rad1 Nf6 26. Nxg6 Rfd8 27.
Ne7+ Kb8 28. Nxf5 R6d7 29. Nxg7 Rxg7 30. Qxf6 1-0

[Event "Helsinki Chess Circuit ELO"]
[Site "?"]
[Date "2001.02.14"]
[Round "3"]
[White "Tuovinen, Jukka"]
[Black "Lardot, Derik"]
[Result "1/2-1/2"]
[WhiteElo "2000"]
[BlackElo "2054"]
[PlyCount "99"]
[EventDate "2001.02.12"]

1. e4 e5 2. Nf3 Nc6 3. Bb5 f5 4. d3 Nf6 5. O-O fxe4 6. dxe4 d6 7. Qd3 Be6 8.
Ng5 Bg8 9. f4 h6 10. Nf3 Bh7 11. Nc3 d5 12. Nxe5 Bc5+ 13. Be3 Qd6 14. Rad1 a6
15. Bxc6+ bxc6 16. Qe2 Nxe4 17. Nxe4 Bxe4 18. Bxc5 Qxc5+ 19. Kh1 Qd6 20. Qh5+
g6 21. Qh3 Bf5 22. Qc3 O-O 23. Nxc6 Be4 24. Ne5 Rae8 25. Qh3 Rf5 26. Qg3 Kh7
27. c4 Qf6 28. Kg1 g5 29. Ng4 Qb6+ 30. Qf2 Qd6 31. Qd2 gxf4 32. cxd5 Rg8 33.
Qe2 Bxd5 34. Qd3 Qg6 35. h3 h5 36. Qc2 hxg4 37. hxg4 Bxg2 38. Qxg2 Qxg4 39.
Rd7+ Kh6 40. Qxg4 Rxg4+ 41. Kf2 Rc5 42. Rh1+ Kg6 43. Kf3 Rg3+ 44. Kxf4 Rg2 45.
Rhh7 Rc4+ 46. Kf3 Rxb2 47. Rhg7+ Kf6 48. Rgf7+ Ke6 49. Rfe7+ Kf6 50. Rf7+
1/2-1/2

[Event "Helsinki Chess Circuit ELO"]
[Site "?"]
[Date "2001.02.14"]
[Round "3"]
[White "Ciuksyte, Zivile"]
[Black "Lako, Mika"]
[Result "1/2-1/2"]
[WhiteElo "2098"]
[BlackElo "2174"]
[PlyCount "26"]
[EventDate "2001.02.12"]

1. e4 c5 2. Nf3 Nc6 3. d4 cxd4 4. Nxd4 Nf6 5. Nc3 d6 6. Bg5 e6 7. f4 h6 8. Bh4
Be7 9. Nxc6 bxc6 10. e5 Nd5 11. Bxe7 Qxe7 12. exd6 Qxd6 13. Nxd5 cxd5 1/2-1/2

[Event "Helsinki Chess Circuit ELO"]
[Site "?"]
[Date "2001.02.14"]
[Round "3"]
[White "Myllyniemi, Martti"]
[Black "Turtiainen, Tauno"]
[Result "1-0"]
[WhiteElo "2155"]
[BlackElo "2000"]
[PlyCount "45"]
[EventDate "2001.02.12"]

1. d4 Nf6 2. c4 g6 3. Nc3 Bg7 4. e4 d6 5. f4 O-O 6. Nf3 c5 7. d5 e6 8. Be2 exd5
9. cxd5 Re8 10. e5 dxe5 11. fxe5 Ng4 12. O-O Nd7 13. e6 fxe6 14. dxe6 Nde5 15.
Qxd8 Rxd8 16. e7 Re8 17. Nd5 Nxf3+ 18. gxf3 Be6 19. Nc7 Bd4+ 20. Kg2 Nxh2 21.
Rh1 Be5 22. Nxe6 Rxe7 23. f4 1-0

[Event "Helsinki Chess Circuit"]
[Site "?"]
[Date "2001.02.15"]
[Round "4"]
[White "Molander, Riku"]
[Black "Kekki, Petri"]
[Result "1/2-1/2"]
[WhiteElo "2314"]
[BlackElo "2297"]
[PlyCount "121"]
[EventDate "2001.02.12"]

1. c4 e6 2. Nc3 d5 3. d4 f5 4. Bf4 c6 5. g4 fxg4 6. h3 g3 7. fxg3 Bd6 8. e3 Nf6
9. Bg2 Qe7 10. Nf3 Nbd7 11. O-O O-O 12. Ne5 Bb8 13. e4 Nxe5 14. dxe5 Nd7 15.
exd5 Nxe5 16. Qd4 Nf7 17. Bxb8 Rxb8 18. Rad1 exd5 19. cxd5 Bd7 20. Qxa7 Qg5 21.
Kh2 Qh6 22. Qd4 Ng5 23. Qh4 Qg6 24. Ne4 Nf7 25. Nc5 Bf5 26. Rde1 Ng5 27. Re7 b6
28. Nd7 Bxd7 29. Rxd7 Rxf1 30. dxc6 Rf2 31. Qc4+ Qe6 32. c7 Rc8 33. Rd8+ Kf7
34. Qxe6+ Kxe6 35. Rxc8 Kd7 36. Rg8 Nf3+ 37. Kh1 Ne1 38. Kg1 Rxg2+ 39. Kf1 Kxc7
40. Kxe1 Rxg3 41. Rf8 Rxh3 42. Rf7+ Kc6 43. Rxg7 Rh2 44. Kd1 Rxb2 45. Rxh7 Rxa2
46. Kc1 Kc5 47. Rh5+ Kb4 48. Rh4+ Ka5 49. Kb1 Re2 50. Rh3 b5 51. Rg3 Ka4 52.
Rg4+ b4 53. Rg3 Rd2 54. Rh3 Rd4 55. Rg3 Rh4 56. Kb2 Rh2+ 57. Kb1 Rh1+ 58. Kb2
Rh2+ 59. Kb1 b3 60. Rg8 Rh4 61. Kb2 1/2-1/2

[Event "Helsinki Chess Circuit"]
[Site "?"]
[Date "2001.02.15"]
[Round "4"]
[White "Sarakauskas, Gediminas"]
[Black "Keskinen, Sauli"]
[Result "0-1"]
[WhiteElo "2408"]
[BlackElo "2252"]
[PlyCount "56"]
[EventDate "2001.02.12"]

1. d4 f5 2. g3 Nf6 3. Bg2 g6 4. Nf3 Bg7 5. O-O O-O 6. c4 d6 7. Nc3 Nc6 8. d5
Ne5 9. Nxe5 dxe5 10. e4 f4 11. b4 g5 12. Bb2 g4 13. Re1 f3 14. Bf1 h5 15. c5 h4
16. Qd2 Nh7 17. Nb5 a6 18. Na3 hxg3 19. hxg3 Qe8 20. d6 exd6 21. cxd6 c6 22.
Nc4 Bd7 23. Qc3 Qh5 24. Nxe5 Ng5 25. Bc4+ Kh7 26. Nxd7 Bxc3 27. Nxf8+ Rxf8 28.
Bxc3 b5 0-1

[Event "Helsinki Chess Circuit"]
[Site "?"]
[Date "2001.02.15"]
[Round "4"]
[White "Pirttimaeki, Timo"]
[Black "Kiik, Kalle"]
[Result "0-1"]
[WhiteElo "2257"]
[BlackElo "2450"]
[PlyCount "54"]
[EventDate "2001.02.12"]

1. d4 g6 2. e4 Bg7 3. Nc3 c6 4. h3 d5 5. Nf3 Nf6 6. Bd3 dxe4 7. Nxe4 Nxe4 8.
Bxe4 O-O 9. O-O c5 10. c3 cxd4 11. Nxd4 Nd7 12. Nb3 Qc7 13. Qe2 Nf6 14. Bc2 b6
15. Re1 Bb7 16. Bg5 Nd5 17. Rad1 e6 18. Nd4 a6 19. Be4 b5 20. Bf3 h6 21. Bh4
Nf4 22. Qe3 e5 23. Bxb7 Qxb7 24. Qf3 Qc7 25. Qc6 Qa5 26. b4 Qxa2 27. Ra1 Qd5
0-1